000 01235nam a22002777a 4500
003 OSt
005 20230214114510.0
007 cr ||||||a|c|a
008 230209s2021 mx a|||fom||| 001 0 spa d
040 _erda
100 1 _9126658
_aTuxtla Andrade, María del Rocio Monserrat
245 1 _aEstudio de la resistencia a virus en tomate de cáscara (Physalis ixocarpa Brot. ex Horm.) /
_cpor María del Rocio Monserrat Tuxtla Andrade; director de tesis Aureliano Peña Lomelí.
264 1 _aChapingo, México :
_bEl autor,
_c2021.
300 _a1 recurso en línea (61 páginas).
_bcuadros, figuras.
336 _2rdacontent
_atexto
_btxt
337 _2rdamedia
_acomputadora
_bc
338 _2rdacarrier
_arecurso en línea
_bcr
502 _bDCH
_cFitotecnia
_d2021.
_gDOC
504 _aIncluye referencias bibliográficas: páginas 9-11, 30-32, 47-50.
650 4 _9113816
_aTomate verde
_xGenética
650 4 _9113825
_aTomate verde
_xMejoramiento
650 4 _9113801
_aTomate verde
_xCalidad
700 1 _986804
_aPeña Lomelí, Aureliano
_eDirector de tesis.
856 _uhttp://10.13.5.2/tesis/td/2021_FI_Tuxtla_Andrade_MariadelRocioMonserrat.pdf
_zDESCARGAR PDF
942 _2Clasificación Universidad Autónoma Chapingo
_cTD
999 _c218311
_d218311